الامن القومى العربى / (Record no. 66204)
[ view plain ]
| 000 -الفاتح | |
|---|---|
| حقل البيانات ثابتة الطول | 00844nam a22002537a 4500 |
| 005 - وقت وتاريخ اخر تعامل مع التسجيلة | |
| رقم الضبط | 20240530110905.0 |
| 008 - عناصر البيانات ثابتة الطول - معلومات عامة | |
| حقل البيانات ثابتة الطول | 220214s2009 ua g 000 0 ara d |
| 017 ## - رقم الايداع القانونى | |
| المصدر ( الهيئة المختصة) | مصر. دار الكتب |
| رقم الايداع القانونى | 2008/21600 |
| 020 ## - الرقم الدولى المعيارى للكتب | |
| الرقم الدولى المعيارى للكتاب | 9772087766 |
| 040 ## - مصدر الفهرسة | |
| وكالة الفهرسة الأصلية | EG-CaGPL |
| وكالة النسخ | EG-CaGPL |
| 082 04 - رقم تصنيف ديوى العشرى | |
| رقم الطبعة | 21 |
| رقم التصنيف | 327.172\ |
| رقم المادة | م أ |
| 100 0# - المدخل الرئيسى - إسم شخصى | |
| الإسم الشخصى | مصطفى عثمان اسماعيل |
| 245 12 - بيان العنوان | |
| العنوان | الامن القومى العربى / |
| بيان المسئوليه,etc | مصطفى عثمان اسماعيل |
| 250 ## - بيان الطبعة | |
| بيان الطبعة | ط. 1 |
| 260 ## - PUBLICATION, DISTRIBUTION, ETC. (IMPRINT) | |
| تاريخ النشر أو التوزيع | 2009 |
| 300 ## - الوصف المادى | |
| التعداد | 175 ص. ؛ |
| أبعاد الوعاء | 24 سم |
| 650 07 - المدخل الاضافى بالموضوع-مصطلح موضوعى | |
| مصدر الرأس أو المصطلح | qrmak |
| مصطلح موضوعي | الامن العربى |
| 650 07 - المدخل الاضافى بالموضوع-مصطلح موضوعى | |
| مصطلح موضوعي | القمة العربية |
| التقسيم الفرعي الشكلي | صور |
| 650 07 - المدخل الاضافى بالموضوع-مصطلح موضوعى | |
| مصطلح موضوعي | الامن القومى |
| 650 07 - المدخل الاضافى بالموضوع-مصطلح موضوعى | |
| مصدر الرأس أو المصطلح | qrmak |
| مصطلح موضوعي | حرب الخليج |
| 651 ## - المدخل الاضافى بالموضوع - اسم جغرافى | |
| مصدر الرأس أو المصطلح | qrmak |
| 942 ## - عناصر المدخل الإضافي( كوها) | |
| مصدر التصنيف او مخطط الترفيف | Dewey Decimal Classification |
| Koha [default] item type | كتاب |
| 260 ## - PUBLICATION, DISTRIBUTION, ETC. (IMPRINT) | |
| -- | القاهرة : |
| -- | مكتبة مدبولى، |
| حالة التراجع | حالة الفقد | حالة تلف | ليس للاعارة | المكان المؤقت | الموقع الحالى | موقع الترفيف | تاريخ الاكتساب | اجمالي اﻻعارات | رقم الطلب | الباركود | تاريخ اخر مشاهدة | تاريخ تفعيل السعر | نوع وعاء كوها |
|---|---|---|---|---|---|---|---|---|---|---|---|---|---|
| مكتبة القاهرة الكبرى | مكتبة القاهرة الكبرى | ق الرئيسية_العلوم الاجتماعية_ك عربى | 02/23/2022 | 327.172 / م ا | 167476 | 02/23/2022 | 02/23/2022 | كتاب |

